Every Saturday Night Live Musical Guest Part 2(Season 31-present) - Statistics

General Stats
  • This quiz has been taken 10 times
  • The average score is 96 of 261
Answer Stats
Hint Answer % Correct
Season 35 Jay-Z
89%
Season 34 Taylor Swift
89%
Season 40 Ariana Grande
78%
Season 34 Beyoncé
78%
Season 43 Cardi B
78%
Season 36 Eminem
78%
Season 42 Harry Styles
78%
Season 43 James Bay
78%
Season 31 Kanye West
78%
Season 36 Katy Perry
78%
Season 37 One Direction
78%
Season 36 Paul McCartney
78%
Season 31 Paul Simon
78%
Season 49 Sabrina Carpenter
78%
Season 34 Adele
67%
Season 46 Bad Bunny
67%
Season 36 Bruno Mars
67%
Season 44 BTS
67%
Season 36 Cee Lo Green
67%
Season 51 Cher
67%
Season 45 Chris Martin
67%
Season 34 Coldplay
67%
Season 36 Florence + the Machine
67%
Season 51 Gorillaz
67%
Season 37 Jack White
67%
Season 35 Justin Bieber
67%
Season 32 Justin Timberlake
67%
Season 34 Kelly Clarkson
67%
Season 38 Kendrick Lamar
67%
Season 46 Lil Nas X
67%
Season 37 Mick Jagger
67%
Season 41 Miley Cyrus
67%
Season 38 Ne-Yo
67%
Season 36 Nicki Minaj
67%
Season 46 Olivia Rodrigo
67%
Season 35 Rihanna
67%
Season 34 T.I.
67%
Season 35 U2
67%
Season 35 Alicia Keys
56%
Season 32 Beck
56%
Season 50 Benson Boone
56%
Season 45 Billie Eilish
56%
Season 35 Black Eyed Peas
56%
Season 36 Chris Brown
56%
Season 32 Christina Aguilera
56%
Season 37 Drake
56%
Season 39 Ed Sheeran
56%
Season 36 Elton John
56%
Season 34 Green Day
56%
Season 50 Jelly Roll
56%
Season 48 Karol G
56%
Season 35 Lady Gaga
56%
Season 45 Lizzo
56%
Season 46 Machine Gun Kelly
56%
Season 33 Mariah Carey
56%
Season 32 Maroon 5
56%
Season 31 Mary J. Blige
56%
Season 46 Megan Thee Stallion
56%
Season 46 Morgan Wallen
56%
Season 31 Nelly Furtado
56%
Season 39 Pharrell Williams
56%
Season 39 Sam Smith
56%
Season 31 Shakira
56%
Season 50 Stevie Nicks
56%
Season 50 Timothée Chalamet
56%
Season 40 Zac Brown Band
56%
Season 49 21 Savage
44%
Season 51 Anitta
44%
Season 32 Avril Lavigne
44%
Season 37 Bon Iver
44%
Season 45 Camila Cabello
44%
Season 40 Carly Rae Jepsen
44%
Season 41 Chris Stapleton
44%
Season 32 Corinne Bailey Rae
44%
Season 44 DJ Khaled
44%
Season 51 Doja Cat
44%
Season 43 Dua Lipa
44%
Season 38 fun.
44%
Season 44 Gary Clark Jr.
44%
Season 50 GloRilla
44%
Season 50 Gracie Abrams
44%
Season 44 Greta Van Fleet
44%
Season 39 Imagine Dragons
44%
Season 31 James Blunt
44%
Season 39 Janelle Monáe
44%
Season 47 Japanese Breakfast
44%
Season 35 Jennifer Lopez
44%
Season 34 Jonas Brothers
44%
Season 35 Kesha
44%
Season 34 Kings of Leon
44%
Season 41 Leon Bridges
44%
Season 34 Lil Wayne
44%
Season 32 Lily Allen
44%
Season 32 Linkin Park
44%
Season 38 Macklemore
44%
Season 42 Maren Morris
44%
Season 40 Mark Ronson
44%
Season 38 Mumford & Sons
44%
Season 32 My Chemical Romance
44%
Season 31 Neil Young
44%
Season 45 Niall Horan
44%
Season 41 Nick Jonas
44%
Season 49 Noah Kahan
44%
Season 51 Olivia Dean
44%
Season 33 Panic! at the Disco
44%
Season 43 P!nk
44%
Season 31 Prince
44%
Season 49 Raye
44%
Season 47 Rosalía
44%
Season 38 Ryan Lewis
44%
Season 41 Selena Gomez
44%
Season 42 Shawn Mendes
44%
Season 51 sombr
44%
Season 49 Tate McRae
44%
Season 32 Tenacious D
44%
Season 32 The Killers
44%
Season 31 The Strokes
44%
Season 35 Tom Petty and the Heartbreakers
44%
Season 42 Twenty One Pilots
44%
Season 33 Usher
44%
Season 32 Arcade Fire
33%
Season 31 Arctic Monkeys
33%
Season 31 Ashlee Simpson
33%
Season 42 Big Sean
33%
Season 48 Black Star
33%
Season 47 Bleachers
33%
Season 41 Bruce Springsteen & the E Street Band
33%
Season 32 Carrie Underwood
33%
Season 50 Chappell Roan
33%
Season 40 Charli XCX
33%
Season 45 DaBaby
33%
Season 35 Dave Matthews Band
33%
Season 41 Demi Lovato
33%
Season 43 Donald Glover
33%
Season 31 Foo Fighters
33%
Season 33 Gnarls Barkley
33%
Season 32 Gwen Stefani
33%
Season 43 Halsey
33%
Season 40 Hozier
33%
Season 49 Ice Spice
33%
Season 40 Iggy Azalea
33%
Season 43 Kacey Musgraves
33%
Season 44 Khalid
33%
Season 37 Lady Antebellum
33%
Season 37 Lana Del Rey
33%
Season 48 Lil Baby
33%
Season 48 Lil Yachty
33%
Season 42 Lorde
33%
Season 32 Ludacris
33%
Season 44 Maggie Rogers
33%
Season 47 Måneskin
33%
Season 44 Meek Mill
33%
Season 38 Passion Pit
33%
Season 31 Pearl Jam
33%
Season 31 Red Hot Chili Peppers
33%
Season 51 Role Model
33%
Season 50 Shaboozey
33%
Season 31 Sheryl Crow
33%
Season 42 Sturgill Simpson
33%
Season 41 The 1975
33%
Season 36 The Black Keys
33%
Season 38 The Lumineers
33%
Season 42 The xx
33%
Season 44 Travis Scott
33%
Season 51 A$AP Rocky
22%
Season 32 Akon
22%
Season 32 Björk
22%
Season 40 Blake Shelton
22%
Season 35 Bon Jovi
22%
Season 49 Boygenius
22%
Season 45 David Byrne
22%
Season 34 David Cook
22%
Season 51 Dijon
22%
Season 38 Frank Ocean
22%
Season 41 Future
22%
Season 51 Geese
22%
Season 40 George Ezra
22%
Season 34 Jason Mraz
22%
Season 36 Jessie J
22%
Season 32 Keith Urban
22%
Season 46 Kid Cudi
22%
Season 35 MGMT
22%
Season 35 Michael Bublé
22%
Season 43 Migos
22%
Season 35 Muse
22%
Season 46 Phoebe Bridgers
22%
Season 47 Post Malone
22%
Season 40 Sia
22%
Season 32 Snow Patrol
22%
Season 42 Solange
22%
Season 33 Spoon
22%
Season 43 SZA
22%
Season 44 Tame Impala
22%
Season 42 The Chainsmokers
22%
Season 39 The National
22%
Season 41 The Weeknd
22%
Season 34 T-Pain
22%
Season 43 Troye Sivan
22%
Season 40 Wiz Khalifa
22%
Season 47 Young Thug
22%
Season 32 AFI
11%
Season 38 Alabama Shakes
11%
Season 42 Alessia Cara
11%
Season 44 Anderson .Paak
11%
Season 42 A Tribe Called Quest
11%
Season 39 Bastille
11%
Season 47 Brandi Carlile
11%
Season 41 Chance the Rapper
11%
Season 34 Ciara
11%
Season 41 Courtney Barnett
11%
Season 40 D'Angelo
11%
Season 36 Diddy-Dirty Money
11%
Season 41 Disclosure
11%
Season 34 Duffy
11%
Season 44 Ella Mai
11%
Season 36 Ellie Goulding
11%
Season 31 Fall Out Boy
11%
Season 42 Father John Misty
11%
Season 33 Feist
11%
Season 34 Fleet Foxes
11%
Season 37 Foster the People
11%
Season 31 Franz Ferdinand
11%
Season 37 Gotye
11%
Season 47 Gunna
11%
Season 39 HAIM
11%
Season 46 H.E.R.
11%
Season 46 Jack Harlow
11%
Season 37 Karmin
11%
Season 48 Kelsea Ballerini
11%
Season 45 King Princess
11%
Season 31 Korn
11%
Season 42 LCD Soundsystem
11%
Season 45 Luke Combs
11%
Season 41 Margo Price
11%
Season 38 Miguel
11%
Season 50 Mk.gee
11%
Season 33 My Morning Jacket
11%
Season 46 Nathaniel Rateliff
11%
Season 38 Of Monsters and Men
11%
Season 34 Phoenix
11%
Season 37 Radiohead
11%
Season 34 Ray LaMontagne
11%
Season 35 Regina Spektor
11%
Season 49 Reneé Rapp
11%
Season 37 Robyn
11%
Season 44 Sara Bareilles
11%
Season 47 Saweetie
11%
Season 37 Sleigh Bells
11%
Season 48 Steve Lacy
11%
Season 39 St. Vincent
11%
Season 35 Them Crooked Vultures
11%
Season 32 The Shins
11%
Season 35 The Ting Tings
11%
Season 44 Thomas Rhett
11%
Season 34 TV on the Radio
11%
Season 33 | Season 35 Vampire Weekend
11%
Season 33 Wilco
11%
Season 48 Willow
11%
Season 34 Yeah Yeah Yeahs
11%
Season 31 Death Cab Cutie
0%
No matching quizzes found
Score Distribution
Percent of People with Each Score
Percentile by Number Answered
Your Score History
You have not taken this quiz